00534cam a22002057a 4500003000500000005001700005008004100022010001000063011001000073035001000083040000900093082001500102100002000117245004300137260003500180300001000215490003900225650002500264830003900289CHAP20220329134238.0971013s1971 r 00010 d a17541 a18513 a22598 cCHAP a371.2bJ6Y00aJones, James J.13aLa escuela y las relaciones públicas aBuenos Aires :bTroquel,c1971 a142 p 0aBiblioteca de la nueva educación14aComunidad y escuela.0 aBiblioteca de la nueva educación